000 00374pab a2200157 454500
008 180718b2010 xxu||||| |||| 00| 0 eng d
100 _aBanerjee, Alok K.
245 _aIndian higher education at the cross roads
260 _c2010
300 _ap.69-70.
362 _a30 Aug
650 _aHigher education
773 _aUniversity News
908 _aN
909 _a89283
999 _c89283
_d89283